000 00757nas a2200253 4500
001 BR9600130
003 BR-BrBNA
005 20231205095647.0
007 ta
008 230509b bl.|||p| |||| 00| 00por d
040 _aBR-BrBNA
_bpor
_cBiblioteca Nacional de Agricultura
041 _a(Pt)
072 _aL10
100 1 _aMoro, M.E.G.
100 1 _aGiannoni, M.L.
100 1 _aBoer, J.A.
100 1 _aTosta, P.A.
245 1 _aEstudos da Rhynchotus rufescens - Perdiz (Aves: tinamiformes em cativeiro. 2. Citogenetica
650 _aPerdiz
650 _aCitogenetica Animal
773 0 _tARS Veterinaria (Brazil)
_xISSN 0102-6380
_g(Jun 1994), v. 10(1) p. 41-49
_wBR9600130
909 _a202311
_bLúcia
_c55
_dLúcia Elande
942 _2AGRIS
_n0
_cANA
999 _c151984
_d151984